Todas as antigas bandeiras do mundo - Statistics

Estatísticas Gerais
  • Esse quiz foi jogado 86 vezes
  • A pontuação média é 59 de 196
Estatísticas das Respostas
Imagem Resposta % Correto
Estados Unidos
99%
Austrália
94%
Reino Unido
93%
Itália
82%
França
78%
Nova Zelândia
76%
Bulgária
75%
Coreia do Sul
74%
Costa do Marfim
74%
Países Baixos
74%
Rússia
74%
Hungria
72%
Noruega
68%
Japão
65%
Bangladesh
63%
Israel
63%
Brasil
62%
Nepal
62%
Suíça
62%
Turquia
62%
Vaticano
62%
Bélgica
60%
Kosovo
60%
Suécia
60%
Tunísia
60%
Albânia
59%
Chipre
59%
Butão
57%
Líbano
57%
Níger
57%
Arábia Saudita
56%
México
56%
República Dominicana
56%
Espanha
54%
Áustria
53%
Índia
53%
Polônia
53%
Uruguai
53%
Omã
51%
Peru
51%
Venezuela
51%
Filipinas
50%
Moçambique
50%
Jordânia
49%
Maldivas
49%
Mauritânia
49%
Panamá
49%
Turquemenistão
49%
Cuba
47%
Taiwan
47%
Camarões
46%
Croácia
46%
Papua Nova Guiné
46%
Paraguai
46%
Brunei
44%
Chile
44%
Irlanda
44%
Sudão do Sul
44%
Sérvia
43%
Canadá
41%
Coreia do Norte
41%
Honduras
41%
Mônaco
41%
Angola
40%
Essuatíni
40%
Gabão
40%
Guiné Equatorial
40%
Namíbia
40%
Belize
38%
Costa Rica
38%
Iraque
38%
Libéria
38%
Liechtenstein
38%
Síria
38%
São Tomé e Príncipe
37%
Somália
37%
Djibouti
35%
Eritreia
35%
Estados Federados da Micronésia
35%
Islândia
35%
Malawi
35%
Afeganistão
34%
Bahrein
34%
Burundi
34%
Catar
34%
Dinamarca
34%
El Salvador
34%
Nicarágua
34%
Santa Lúcia
34%
Argentina
32%
Kiribati
32%
Ruanda
32%
Alemanha
31%
Andorra
31%
Chade
31%
Haiti
31%
Líbia
31%
Mongólia
31%
Sri Lanka
31%
Portugal
29%
República Centro-Africana
29%
Vietname
29%
Zâmbia
29%
Guiné
28%
Macedónia do Norte
28%
Grécia
26%
Guatemala
26%
Guiné-Bissau
25%
Irão
25%
África do Sul
24%
Mali
24%
Eslovénia
21%
Finlândia
19%
Geórgia
19%
China
18%
Etiópia
18%
Indonésia
18%
Tailândia
16%
Comores
15%
Equador
15%
Malta
15%
Tanzânia
15%
Azerbaijão
13%
Cazaquistão
13%
Laos
13%
Paquistão
13%
Uganda
13%
Marrocos
12%
Montenegro
12%
São Vicente e Granadinas
12%
Tajiquistão
12%
Barbados
10%
Birmânia
10%
Bósnia e Herzegovina
10%
Egito
10%
Uzbequistão
10%
Colômbia
9%
Eslováquia
9%
Gâmbia
9%
Gana
9%
Jamaica
9%
República Democrática do Congo
9%
Iémen
7%
Kuweit
7%
Luxemburgo
7%
Moldavia
7%
Palau
7%
San Marino
7%
Timor-Leste
7%
Ucrânia
7%
Bahamas
6%
Bielorrússia
6%
Burkina Faso
6%
Camboja
6%
Emirados Árabes Unidos
6%
Fiji
6%
Malásia
6%
Seychelles
6%
Tonga
6%
Zimbábue
6%
Argélia
4%
Armênia
4%
Benim
4%
Bolívia
4%
Estônia
4%
Ilhas Marshall
4%
Lesoto
4%
Lituânia
4%
Madagáscar
4%
Nigéria
4%
Quênia
4%
República do Congo
4%
Singapura
4%
Sudão
4%
Suriname
4%
Antígua e Barbuda
3%
Cabo Verde
3%
Dominica
3%
Letónia
3%
República Checa
3%
Senegal
3%
Togo
3%
Tuvalu
3%
Botswana
1%
Granada
1%
Guiana
1%
Ilhas Salomão
1%
Maurícia
1%
Nauru
1%
Quirguistão
1%
Roumania
1%
Samoa
1%
São Cristóvão e Nevis
1%
Serra Leoa
1%
Trinidad e Tobago
1%
Vanuatu
1%
Nenhum quiz correspondente encontrado
Distribuição das Pontuações
Porcentagem de Pessoas com Cada Pontuação
Percentil de Números Respondidos
Sua Pontuação Histórica
Você não jogou esse quiz